Random Binary to Denary - Statistics

General Stats
  • This quiz has been taken 172 times
  • The average score is 8 of 9
Answer Stats
Binary Denary % Correct
00001010 10
100%
01100100 100
100%
01100110 102
100%
01100111 103
100%
01101001 105
100%
01101011 107
100%
00001011 11
100%
01101110 110
100%
01101111 111
100%
01110010 114
100%
01110011 115
100%
01110100 116
100%
01110111 119
100%
00001100 12
100%
01111000 120
100%
01111110 126
100%
01111111 127
100%
10000000 128
100%
10000001 129
100%
10000011 131
100%
10000100 132
100%
10000101 133
100%
10000110 134
100%
10001011 139
100%
00001110 14
100%
10001110 142
100%
10010010 146
100%
10011100 156
100%
10011101 157
100%
00010000 16
100%
10100000 160
100%
10100001 161
100%
10100011 163
100%
10100100 164
100%
10100101 165
100%
10100110 166
100%
10100111 167
100%
10101000 168
100%
10110011 179
100%
00010010 18
100%
10110110 182
100%
10110111 183
100%
10111000 184
100%
10111010 186
100%
10111011 187
100%
10111100 188
100%
10111111 191
100%
11000010 194
100%
11000110 198
100%
11000111 199
100%
11001010 202
100%
11001100 204
100%
11001101 205
100%
11001110 206
100%
00010101 21
100%
11010010 210
100%
11010011 211
100%
11010100 212
100%
11010110 214
100%
11011100 220
100%
11011101 221
100%
11011111 223
100%
11100001 225
100%
11101010 234
100%
11101011 235
100%
11101111 239
100%
00011000 24
100%
11110001 241
100%
11110011 243
100%
11110100 244
100%
11110110 246
100%
11110111 247
100%
11111000 248
100%
11111001 249
100%
11111011 251
100%
11111100 252
100%
00011010 26
100%
00011011 27
100%
00011100 28
100%
00011101 29
100%
00000011 3
100%
00011110 30
100%
00011111 31
100%
00100000 32
100%
00100010 34
100%
00100011 35
100%
00100100 36
100%
00100101 37
100%
00100110 38
100%
00100111 39
100%
00101001 41
100%
00101010 42
100%
00101100 44
100%
00101101 45
100%
00110000 48
100%
00110001 49
100%
00000101 5
100%
00110010 50
100%
00110011 51
100%
00110100 52
100%
00110111 55
100%
00111000 56
100%
00111011 59
100%
00000110 6
100%
00111100 60
100%
00111111 63
100%
01000001 65
100%
01000101 69
100%
01001001 73
100%
01001010 74
100%
01001100 76
100%
00001000 8
100%
01010000 80
100%
01010010 82
100%
01010011 83
100%
01010100 84
100%
01010111 87
100%
01011000 88
100%
00001001 9
100%
01011010 90
100%
01011101 93
100%
01100001 97
100%
01100010 98
100%
01101101 109
88%
10111001 185
88%
00000100 4
88%
00111010 58
88%
10000111 135
86%
10001000 136
86%
10111101 189
86%
11100100 228
86%
11100110 230
86%
11110000 240
86%
00101111 47
86%
01011110 94
86%
01110001 113
83%
01111100 124
83%
00001111 15
83%
10011000 152
83%
10011001 153
83%
00010001 17
83%
10101010 170
83%
10101110 174
83%
10110000 176
83%
10110100 180
83%
00010011 19
83%
11100000 224
83%
11100101 229
83%
00011001 25
83%
00101110 46
83%
01000000 64
83%
01000010 66
83%
01001111 79
83%
01100000 96
82%
00000001 1
80%
01100101 101
80%
10000010 130
80%
10001001 137
80%
10001101 141
80%
10010001 145
80%
10010100 148
80%
11000001 193
80%
00000010 2
80%
11011010 218
80%
00010110 22
80%
00010111 23
80%
11100111 231
80%
11101110 238
80%
11110010 242
80%
11111101 253
80%
00111001 57
80%
01000110 70
80%
01001011 75
80%
01010101 85
80%
11101000 232
78%
01001000 72
78%
01101000 104
75%
01101100 108
75%
01111101 125
75%
10010000 144
75%
10010101 149
75%
10011110 158
75%
10101001 169
75%
10101101 173
75%
10111110 190
75%
11000011 195
75%
11001000 200
75%
11100010 226
75%
00100001 33
75%
00110110 54
75%
01000111 71
75%
01001101 77
75%
01010110 86
75%
01011111 95
75%
10011011 155
73%
10110001 177
71%
11000101 197
71%
11011110 222
71%
01000011 67
71%
01111010 122
67%
10001010 138
67%
10001111 143
67%
10101100 172
67%
10110101 181
67%
11001111 207
67%
11010001 209
67%
11010111 215
67%
11100011 227
67%
11101101 237
67%
11110101 245
67%
00101011 43
67%
00111101 61
67%
00111110 62
67%
00000111 7
67%
01011011 91
63%
01110101 117
60%
01110110 118
60%
00001101 13
60%
10010111 151
60%
10100010 162
60%
10101011 171
60%
10101111 175
60%
11011001 217
60%
11011011 219
60%
01001110 78
60%
01010001 81
60%
01011001 89
60%
01110000 112
57%
11101100 236
57%
01101010 106
50%
01111001 121
50%
01111011 123
50%
10001100 140
50%
10010011 147
50%
10010110 150
50%
10011010 154
50%
11000000 192
50%
11000100 196
50%
11001001 201
50%
11001011 203
50%
11010101 213
50%
11111010 250
50%
11111110 254
50%
11111111 255
50%
00101000 40
50%
00110101 53
50%
01011100 92
50%
11011000 216
40%
10011111 159
33%
01000100 68
33%
11101001 233
25%
10110010 178
0%
00010100 20
0%
11010000 208
0%
01100011 99
0%
No matching quizzes found
Score Distribution
Percent of People with Each Score
Percentile by Number Answered
Your Score History
You have not taken this quiz